|
|
|
|
| LEADER |
00000cam a2200000 7i4500 |
| 001 |
0000004320 |
| 002 |
000004642 |
| 005 |
20000330.0 |
| 020 |
|
|
|a 0874919657
|
| 090 |
0 |
0 |
|a 808.042
|b BAT
|
| 100 |
1 |
|
|a Bates, Jefferson D
|
| 245 |
1 |
0 |
|a Writing with precision :
|b how to with so that you cannot possibly be misunderstood
|c Jefferson D.Bates
|
| 260 |
|
|
|a Herndon,VA :
|b Acropolis Books ,
|c 1990
|
| 300 |
|
|
|a 253p. ;
|c 23cm.
|
| 650 |
0 |
0 |
|a English language
|x Business English
|
| 999 |
|
|
|a 031372
|b BUKU
|c PINJAMAN
|e PERPUSTAKAAN KOMUNITI PETALING JAYA
|
| 999 |
|
|
|a 031373
|b BUKU
|c PINJAMAN
|e PERPUSTAKAAN KOMUNITI PETALING JAYA
|